Hacia un derecho latinoamericano de los contratos. Los principios latinoamericanos de Derecho de los contratos

Uloženo v:
Podrobná bibliografie
Hlavní autor: Maza Gazmuri, Iñigo de la (autor)
Další autoři: Vidal Olivares, Álvaro (autor), Peña Calderón, Natanael (colaborador)
Médium: Neznámo
Jazyk:angličtina
Vydáno: Valencia, España; Tirant lo blanch, 2021
Edice:Tratados
Témata:
Tagy: Přidat tag
Žádné tagy, Buďte první, kdo vytvoří štítek k tomuto záznamu!

MARC

LEADER 00000 a2200000 4500
003 CL-VaPUC
005 20240812122834.0
008 220405b2021 ||||| |||| 00| 0 eng d
999 |c 435274  |d 435272 
020 |a 978-84-1355-327-6 
040 |c Pontificia Universidad Católica de Valparaíso 
082 0 4 |2 21  |a 346.802 MAZ 2021 
100 |a Maza Gazmuri, Iñigo de la  |e autor  |9 880877 
245 1 0 |a Hacia un derecho latinoamericano de los contratos.   |b Los principios latinoamericanos de Derecho de los contratos 
260 |a Valencia, España;  |b Tirant lo blanch,  |c 2021 
300 |a 380 páginas 
490 0 |a Tratados 
583 |k Catalogador Asistente  |c 20220405 
650 1 |a Derecho contractual  |x Derecho civil  |z América Latina  |9 868868 
651 |a Derecho de los contratos  |x Principios jurídicos  |y América Latina  |9 868869 
700 |a Vidal Olivares, Álvaro  |9 737465  |e autor 
700 |a Peña Calderón, Natanael  |e colaborador  |9 867974 
942 |2 ddc  |c BK 
952 |0 0  |1 0  |2 ddc  |4 0  |6 346_802000000000000_MAZ_2021  |7 1  |8 C_LRYV  |9 582423  |a BIBDER  |b BIBDER  |d 2022-04-05  |e 22  |g 39999.47  |i 5650680  |o 346.802 MAZ 2021  |p 5650680  |r 2023-01-25  |t 1  |v 39999.47  |w 2022-04-05  |y BK_X  |k BRV 
952 |0 0  |1 0  |2 ddc  |4 0  |6 346_802000000000000_MAZ_2021  |7 0  |8 A  |9 582789  |a BIBDER  |b BIBDER  |c GEN  |d 2022-04-28  |e 22  |g 39999.47  |i 5650973  |o 346.802 MAZ 2021  |p 5650973  |r 2023-01-25  |t 2  |v 39999.47  |w 2022-04-28  |y BK  |k DER